Giáo trình luật hình sự Việt Nam /

Sparad:
Bibliografiska uppgifter
Övriga upphovsmän: Dương Tuyết Miên, Hoàng Văn Hùng, Lê Cảm, Lê Thị Sơn, Ngô Ngọc Thuỷ, Nguyễn Ngọc Ho (chủ biên), Phạm Thị Học, Trần Đức Thìn, Trần Văn Độ, Trương Quang Vinh
Materialtyp: Sách giấy
Språk:Vietnamese
Publicerad: H. : Công an Nhân dân, 2003
Upplaga:In lần thứ năm
Ämnen:
Taggar: Lägg till en tagg
Inga taggar, Lägg till första taggen!
Thư viện lưu trữ: Thư viện Trường Đại học Đà Lạt
LEADER 01089nam a2200397 4500
001 DLU050000033
005 ##20050228
040 # # |a DLU  |b vie 
041 # # |a vie 
044 # # |a vn 
082 # # |a 345.597  |b Gia 
245 # # |a Giáo trình luật hình sự Việt Nam /  |c Nguyễn Ngọc Hoà chủ biên, ... [và những người khác] 
250 # # |a In lần thứ năm 
260 # # |a H. :  |b Công an Nhân dân,  |c 2003 
300 # # |a 743 tr. ;  |c 22 cm 
650 # # |a Luật hình sự  |z Việt Nam  |v Giáo trình. 
700 # # |a Dương Tuyết Miên 
700 # # |a Hoàng Văn Hùng 
700 # # |a Lê Cảm 
700 # # |a Lê Thị Sơn 
700 # # |a Ngô Ngọc Thuỷ 
700 # # |a Nguyễn Ngọc Hoà  |e chủ biên 
700 # # |a Phạm Thị Học 
700 # # |a Trần Đức Thìn 
700 # # |a Trần Văn Độ 
700 # # |a Trương Quang Vinh 
923 # # |a 35/2004 
992 # # |a 72.000 
994 # # |a DLU 
900 # # |a True 
911 # # |a Đào Thị Thu Huyền 
925 # # |a G 
926 # # |a A 
927 # # |a SH 
980 # # |a Thư viện Trường Đại học Đà Lạt